A márkaépítés szerepe és hatása a fogyasztói magatartásra stratégiai megközelítések és gyakorlati példák
| Szerző: | |
|---|---|
| További közreműködők: | |
| Dokumentumtípus: | Projektmunka |
| Kulcsszavak: | fogyasztói magatartás fogyasztói társadalom marketing márkaépítés márkahűség |
| Online Access: | http://dolgozattar.uni-bge.hu/59670 |
MARC
| LEADER | 00000nnm a2200000 i 4500 | ||
|---|---|---|---|
| 001 | dolg59670 | ||
| 005 | 20260409145409.0 | ||
| 008 | 260409suuuu hu o 000 hun d | ||
| 040 | |a BGE Dolgozattár Repozitórium |b hun | ||
| 041 | |a hu | ||
| 100 | 1 | |a Cziemler Katalin | |
| 245 | 1 | 2 | |a A márkaépítés szerepe és hatása a fogyasztói magatartásra |b stratégiai megközelítések és gyakorlati példák |c Cziemler Katalin |h [elektronikus dokumentum] |
| 516 | |a Project_work | ||
| 520 | 3 | |a Dolgozatomban a márkaépítés és a fogyasztói magatartás kapcsolatát vizsgáltam, különös tekintettel arra, hogy a sikeres márkaépítés milyen hatással van a fogyasztók döntéseire. Ezt a témát személyes érdeklődésem és jövőbeli vállalkozói terveim miatt választottam, mivel szeretném megérteni, hogy milyen stratégiák vezethetnek egy sikeres és hosszú távon is fenntartható márka létrehozásához, illetve miként lehet mély kapcsolatokat kiépíteni a fogyasztókkal. A szakirodalom és a kutatás eredményei alapján látszik, hogy a sikeres márkaépítéshez elengedhetetlen a fogyasztói magatartás alapos ismerete az érzelmi kötödés kialakításához, valamint a hiteles és értékeket közvetítő márkaidentitás. Manapság elengedhetetlennek számít a közösségi oldalak tudatos és kreatív használata. A változó piaci környezetben azok a márkák tudnak igazán sikeresek lenni, amelyek képesek érzelmi kapcsolatot teremteni a fogyasztóikkal, és rugalmasan alkalmazkodnak a változó piaci igényekhez. | |
| 695 | |a fogyasztói magatartás | ||
| 695 | |a fogyasztói társadalom | ||
| 695 | |a marketing | ||
| 695 | |a márkaépítés | ||
| 695 | |a márkahűség | ||
| 700 | 1 | |a Sólyomfi Dr. Andrea Hanna |e ths | |
| 856 | 4 | 0 | |u http://dolgozattar.uni-bge.hu/59670/1/Cziemler_Katalin_projektmunka.pdf |z Dokumentum-elérés |
| 856 | 4 | 0 | |u http://dolgozattar.uni-bge.hu/59670/2/Cziemler%20Katalin.pdf |z Dokumentum-elérés |